Said Nursi /

محفوظ في:

المؤلف الرئيسي: Turner, C. (مؤلف)

مؤلف مشترك: Oxford Centre for Islamic Studies.

مؤلفون آخرون: Horkuc, Hasan.

التنسيق: كتاب

اللغة: English

منشور في: London ; New York : I.B. Tauris and Oxford University press India in association with Oxford centre for Islamic Studies, 2009.

سلاسل: Makers of Islamic civilization.

الموضوعات:

الوسوم: إضافة وسم

لا توجد وسوم, كن أول من يضع وسما على هذه التسجيلة!

رقم الطلب: BP253 .Z8 T87 2009

LEADER 01128nam a2200301Ia 4500
003 OSt
005 20251007082713.0
008 211223s2009 enkb b 001 0beng d
020 |a 9781845117740 
040 |c ARCE Library 
050 4 |a BP253 .Z8 T87 2009 
100 1 |a Turner, C.,   |q (Colin),   |e author 
245 1 0 |a Said Nursi /   |c Colin Turner, Hasan Horkuc. 
264 1 |a London ;   |a New York :   |b I.B. Tauris and Oxford University press India in association with Oxford centre for Islamic Studies,   |c 2009. 
300 |a 140 pages :   |b map ;   |c 22 cm. 
490 0 |a Makers of Islamic civilization. 
504 |a Includes bibliographical references (pages [125]-132) and index. 
505 0 |a Life and works -- Thought and teachings -- Nursi on culture, society and politics. 
600 1 0 |a Nursi, Said,   |d 1873-1960. 
650 0 |a Nurculuk   |x Doctrines. 
650 0 |a Muslim scholars   |z Turkey   |v Biography. 
650 0 |a Islam   |z Turkey   |x History. 
650 0 |a Islam and politics   |z Turkey. 
700 1 |a Horkuc, Hasan. 
710 2 |a Oxford Centre for Islamic Studies. 
901 |a reviewed 
942 |2 lcc  |c BK 
999 |c 41298  |d 41298